|
|
|
|
| LEADER |
00877cam a22002533u 4500 |
| 001 |
c000232474 |
| 003 |
CARM |
| 005 |
20070412102438.0 |
| 008 |
731217s1973 enk 000 1 eng |
| 015 |
|
|
|a GB7400196
|
| 019 |
1 |
|
|a 41298284
|5 LACONCORD2021
|
| 020 |
|
|
|a 0722164149 (pbk) :
|c £0.30
|
| 035 |
|
|
|a (OCoLC)16229839
|5 LACONCORD2021
|
| 040 |
|
|
|a Uk
|b eng
|c UK
|
| 082 |
0 |
4 |
|a 823/.9/1
|2 18
|
| 100 |
1 |
|
|a Christian, Frederick H.,
|d 1931-
|
| 245 |
1 |
0 |
|a Trap Angel /
|c Frederick H. Christian.
|
| 260 |
|
|
|a London :
|b Sphere,
|c 1973.
|
| 300 |
|
|
|a 136p. ;
|c 18cm.
|
| 650 |
|
0 |
|a Fiction in English.
|
| 653 |
|
|
|a Fiction in English, 1900-
|a Texts
|
| 852 |
8 |
|
|b CARM
|h A1:AP16A0
|i A04202
|p 0343484
|f BK
|
| 999 |
f |
f |
|i 354d5a46-b51d-580d-a923-e756bd8f202a
|s a0a31532-95ca-54ef-9879-fd7130b3e080
|
| 952 |
f |
f |
|p Can circulate
|a CAVAL
|b CAVAL
|c CAVAL
|d CARM 1 Store
|e A04202
|f A1:AP16A0
|h Other scheme
|i book
|m 0343484
|